| 000 | 01929 a2200289 4500 | ||
|---|---|---|---|
| 999 |
_c116173 _d116173 |
||
| 003 | BJBSDDR | ||
| 005 | 20230411090753.0 | ||
| 007 | ta | ||
| 008 | 220413s2014 flu||||| |||| 00| 0 eng d | ||
| 020 | _a9780692230329 | ||
| 020 | _a0692230327 | ||
| 040 |
_bspa _cBJBSDDR |
||
| 041 | _aeng | ||
| 050 | 1 | 4 |
_aUB 433 _bS761s 2014 |
| 100 | 1 |
_aSpivey, Donald, _d1948- |
|
| 245 | 1 | 0 |
_aStep forward the hero : _bthe story of Milton L. Olive, III, first African-American awarded the medal of honor in the Vietnam War/ _cDonald Spivey |
| 260 |
_aMiami, Florida : _bFreedom Words International Publishers, _c2014 |
||
| 300 |
_aii, 274 pages : _billustrations ; _c21 cm |
||
| 520 | _aThe biography of Milton L. Olive, III, the first African American awarded the Medal of Honor in the Vietnam War. We learn not just about Milton Olive the individual, but about the special challenges of an African American coming of age in the 1960s, the issue of career choices and the necessity of staying in school and getting an education, about Milton's hometowns of Chicago, Illinois, and Lexington, Mississippi, about military life and training, about Vietnam and the war itself, and concerns about morality, violence, the obligations and responsibilities of citizenship, and about compassion and bravery. It is all here in the Milton Olive story. The book is written to read like an historical novel. However, the information presented about Milton L. Olive, III, and his experiences in and outside of the military and the specifics occurring around him, are all researched and historically grounded. | ||
| 600 | 1 | 4 |
_aOlive, Milton L. _q(Milton Lee), _d1946-1965. |
| 610 | 2 | 4 |
_aEstados Unidos. _bEjercito _vBiografías |
| 650 | 4 |
_96184 _aGuerra de Vietnam, 1961-1975 |
|
| 650 | 4 |
_922252 _aSoldados afroamericanos _vBiografías |
|
| 650 | 4 |
_9706 _aAfroamericanos _vBiografías _zChicago (Estados Unidos) |
|
| 942 |
_2lcc _cBK |
||
| 946 | _irmza | ||